000 00553nam a2200193Ia 4500
005 20260120124643.0
008 008 260114s9999 xx 000 0 eng d
020 _a9780762306800
037 _aEBOOK
040 _aCRL
_beng
_cCRL
041 _aeng
_2eng
084 _qCRL
245 0 _aSociology of Crime, Law and Deviance
260 _bEmerald Publishing
_c2000
700 _aJeffrey T. Ulmer
_9908862
856 _uhttps://www.emerald.com/insight/publication/doi/10.1108/S1521-6136(2000)2
942 _cEBOOK
999 _c1500772
_d1500772